=LDR 00000nam 2200000 4500 =001 INLIS000000000010566 =005 20210111092123 =035 ##$$a 0010-061300000010566 =008 210111################g##########0#ind## =041 ##$$a Ind =082 ##$$a 332.604 =090 ##$$a 332.604, Ham s =100 1#$$a Haming, Murdifin =245 1#$$a Studi kelayakan investasi proyek dan bisnis /$c Murdifin Haming, S.E., M.Si =250 ##$$a Seri Manajemen Keuangan No. 9 =260 ##$$a Jakarta :$b PPM,$c 2003 =300 ##$$a ix, 351 hlm ; $c 23 x 15 cm =650 #4$$a Investasi - Bisnis =850 ##$$a NBPNMAT =020 ##$$a 979-442-144-8 =084 ##$$a 332.604 Ham s =990 ##$$a 10310756 =990 ##$$a 10310755